000 00952nam a2200253 a 4500
001 57070
003 BD-RjUL
005 20211209080450.0
008 161205s1996 bg ||||| |||| 00| 0 ben d
020 _c: TK 110.00
035 _a(BD-RjUL)57194
040 _aBD-RjUL
_bben
_cBD-RjUL
041 _aben
082 _223
_a297.61
_bMAA 1996
100 _aমা'বুদ, মুহাম্মদ আবদুল
_9169547
245 1 0 _aআসহাবে রাসূলের জীবনকথা /
_cমুহাম্মদ আবদুল মা'বুদ
250 _a৩য় সং.
260 _aঢাকা :
_bবাংলাদেশ ইসলামিক ফাউন্ডেশন,
_c১৯৯৪-১৯৯৬
300 _aখণ্ড. ;
_c২৩ সেমি.
505 0 _aখণ্ড ২, ৩ --
650 _aইসলামী নেতা
_9169548
650 _aIslamic leader
_9169549
942 _2ddc
_cBK
999 _c57070
_d57070